Signálové procesy : Zborník zo seminára

Gespeichert in:
Bibliographische Detailangaben
Format: Buch
Sprache:Slowakisch
Veröffentlicht: Košice : ČSVTS, 1989
Tags: Tag hinzufügen
Keine Tags, Fügen Sie das erste Tag hinzu!

MARC

LEADER 00000nam a22000003a 4500
001 stu3368
005 20150408174931.7
008 930324s1989----cs------------------slo-d
040 |a STU  |b slo 
041 0 |a slo 
044 |a cs 
080 |a 681.382.049.77.14 
080 |a 681.326-181.4 
080 |a 061.3(08) 
245 |a Signálové procesy :  |b Zborník zo seminára 
260 |a Košice :  |b ČSVTS,  |c 1989 
996 |b E67917  |c E*67917  |l EE16  |s P  |a 0  |w stu3368_0001